2020 NBA Player Nicknames - Statistics

General Stats
  • This quiz has been taken 48 times
  • The average score is 26 of 257
Answer Stats
Team Player Nickname(s) % Correct
Boston Celtics Jayson Tatum J / Taco Jay
84%
Los Angeles Lakers LeBron James King James / LBJ / Chosen One / Bron-Bron / The Little Emperor / The Akron Hammer / L-Train
82%
Los Angeles Lakers Kentavious Caldwell-Pope K.C. / Ken / KCP
76%
Toronto Raptors Pascal Siakam Spicy P
68%
Milwaukee Bucks Giannis Antetokounmpo The Greek Freak / The Alphabet
63%
Los Angeles Lakers Anthony Davis Unibrow / The Brow / AD / Phatman
61%
Brooklyn Nets Kevin Durant Durantula / KD / Slim Reaper / The Servant / Green Room
58%
Los Angeles Clippers Paul George PG-13 / Young Trece / Batman / Playoff P
58%
Los Angeles Clippers Kawhi Leonard The Claw / Board Man / Fun Guy / The Hand / The Terminator
58%
Chicago Bulls Otto Porter Bubba / O
55%
Oklahoma City Thunder Chris Paul CP3 / The Point God / The Skate Instructor
55%
Houston Rockets James Harden The Beard / El Chapo
53%
Los Angeles Clippers Joakim Noah Jo / Sticks
50%
Portland Trail Blazers Carmelo Anthony Melo / Hoodie Melo / Sweet Melon
50%
Portland Trail Blazers Damian Lillard Dame / Big Game Dame / Sub Zero / Logo Lillard / Dame D.O.L.L.A.
47%
Denver Nuggets Nikola Jokić Joker / Big Honey
45%
Golden State Warriors Stephen Curry Steph / Baby-Faced Assassin / Chef Curry / The Human Torch / Threezus
45%
Houston Rockets Russell Westbrook The Brodie / Russ / Beastbrook
42%
Minnesota Timberwolves Karl-Anthony Towns Special K / KAT
39%
Dallas Mavericks Luka Dončić Matador / Cool Hand / The Don / Wonder Boy / Swaggy L
37%
Los Angeles Lakers Dwight Howard Superman / D12 / The Daily Double
37%
Minnesota Timberwolves D'Angelo Russell DLo
34%
Utah Jazz Donovan Mitchell Spider / Spida
34%
Brooklyn Nets Kyrie Irving Uncle Drew / Ankletaker
34%
Atlanta Hawks Vince Carter V.C. / Vinsanity / Air Canada / Half-Man/Half-Amazing / Flying Man / Sunshine
34%
Dallas Mavericks Kristaps Porziņģis Zinger / KP6 / Unicorn / Godzingis / Porzingod
34%
Philadelphia 76ers Josh Richardson JRich / Slim / JR
32%
Philadelphia 76ers Joel Embiid JoJo / The Process / Do-a-180
29%
Los Angeles Lakers Kyle Kuzma Kuz
29%
Orlando Magic Mohamed Bamba Mo
29%
New York Knicks Kadeem Allen Big Bruiser / B.B.
26%
Detroit Pistons Derrick Rose D-Rose / Windy City Assassin / Pooh
26%
Toronto Raptors Rondae Hollis-Jefferson RHJ
26%
Phoenix Suns Devin Booker Book
24%
New York Knicks Ignas Brazdeikis Iggy
24%
Miami Heat Andre Iguodala Iggy / A12 / Dolla Billz
24%
Orlando Magic Michael Carter-Williams MCW
24%
Toronto Raptors Norman Powell Norm / Stormin Norman
24%
Toronto Raptors Patrick McCaw Pat
24%
Los Angeles Lakers Quinn Cook Q
24%
Charlotte Hornets Terry Rozier Scary Terry / T-Ro
24%
Miami Heat Goran Dragić The Dragon
24%
Utah Jazz Rudy Gobert The Stifle Tower / The French Rejection / The Gobert Report / Gobzilla
24%
Philadelphia 76ers Alec Burks Houdini / A.B. / A-Buckets
18%
Atlanta Hawks Trae Young Ice Trae
18%
Boston Celtics Jaylen Brown JB / Old Man
18%
Dallas Mavericks Michael Kidd-Gilchrist MKG
18%
Los Angeles Clippers Lou Williams Sweet Lou / Lou-Will / Underground GOAT
18%
Portland Trail Blazers Mario Hezonja The Beast / Super Mario / Crobe
18%
Memphis Grizzlies Tyus Jones Ty / Tyus Stones
18%
Orlando Magic Nikola Vucević Vooch / Nik
18%
New Orleans Pelicans Lonzo Ball Zo
18%
Dallas Mavericks Boban Marjanović Bobi
16%
Cleveland Cavaliers Matthew Dellavedova Delly / Outback Jesus
16%
Atlanta Hawks John Collins JC / The Baptist
16%
Miami Heat Jimmy Butler Jimmy G. Buckets
16%
Golden State Warriors Andrew Wiggins Maple Jordan / Junior Jordan / The Prospect / Mr. Fantastic / Wiggs
16%
Brooklyn Nets Timothé Luwawu-Cabarrot Timo / TLC
16%
Philadelphia 76ers Tobias Harris Tobi
16%
Los Angeles Clippers Montrezl Harrell Trez
16%
Minnesota Timberwolves Evan Turner Turtle / E.T. / The Kid / The Villain
16%
Miami Heat Udonis Haslem U.D.
16%
Miami Heat Tyler Herro Boy Wonder / Bucket
13%
Boston Celtics Kemba Walker Cardiac
13%
Memphis Grizzlies Josh Jackson J-Jack / J.J.
13%
Denver Nuggets Michael Porter Jr. MPJ
13%
Dallas Mavericks Tim Hardaway Jr. THJ
13%
Los Angeles Lakers Alex Caruso Bald Mamba / Bald Eagle
11%
New Orleans Pelicans Jahlil Okafor Jah / Ja Ja / Big J / Little Sully
11%
Philadelphia 76ers Kyle O'Quinn K.O.
11%
New York Knicks RJ Barrett Maple Mamba / Ducky
11%
Washington Wizards Bradley Beal Real Deal / Big Panda / Blue Magic / Brad
11%
Sacramento Kings De'Aaron Fox Swipa / The General / Quick
11%
Memphis Grizzlies Yuta Watanabe The Chosen One
11%
Phoenix Suns Kelly Oubre Jr. Tsunami Papi / Wave Papi / Shot
11%
Oklahoma City Thunder Steven Adams Big Kiwi / Kiwi Phenom / Aquaman
8%
Phoenix Suns Cameron Johnson Cam
8%
Orlando Magic Al-Farouq Aminu Chief
8%
Golden State Warriors Draymond Green Day-Day / The Dancing Bear / Dray
8%
Indiana Pacers Domantas Sabonis Domas
8%
Indiana Pacers Doug McDermott Dougie McBuckets
8%
Phoenix Suns Frank Kaminsky Frank the Tank / Moose
8%
Indiana Pacers Malcolm Brogdon Humble Moses / The President / Uncle Malcolm
8%
Memphis Grizzlies Jonas Valančiūnas JV / Lithuanian Lightning / Big Science
8%
Los Angeles Lakers Markieff Morris Keef / Smooth
8%
Milwaukee Bucks Khris Middleton Khash Money / WD-40 / Baby Joe Johnson
8%
San Antonio Spurs LaMarcus Aldridge LMA
8%
Boston Celtics Semi Ojeleye Semi / Muscles Jesus / The Ox / Thor / The Ojeleye Factory / The Man Made of Granite
8%
Miami Heat Jae Crowder The Beast
8%
Los Angeles Clippers Patrick Patterson 2Pat / Pat Pat
5%
Chicago Bulls Ryan Arcidiacono Arch
5%
Sacramento Kings Harrison Barnes Black Falcon
5%
Denver Nuggets Jamal Murray Blue Arrow
5%
Cleveland Cavaliers Darius Garland Boog
5%
Orlando Magic Evan Fournier Don't Google
5%
Philadelphia 76ers Ben Simmons Fresh Prince / Peacemaker / Benny / The Yank / Big Ben / The Wizard of Oz
5%
Brooklyn Nets Jarrett Allen Fro
5%
Milwaukee Bucks Wesley Matthews Iron Man
5%
Los Angeles Lakers Rajon Rondo Johnny / Swag / The Yoga Instructor
5%
Minnesota Timberwolves Juan Hernangómez Juancho
5%
Charlotte Hornets P.J. Washington Pistol / 3J
5%
Orlando Magic Markelle Fultz Quick Wash / Kelle
5%
Milwaukee Bucks Robin Lopez RoLo
5%
New Orleans Pelicans Brandon Ingram Slenderman / Tiny Dog / Humble Beast
5%
Milwaukee Bucks Brook Lopez Splash Mountain / Bropez
5%
Cleveland Cavaliers Sir'Dominic Pointer Swiss Army Knife / Costco / WD-40 / Batman / Ziggy
5%
Atlanta Hawks Clint Capela Swiss Bank
5%
Chicago Bulls Thaddeus Young Thad
5%
Portland Trail Blazers Jusuf Nurkić The Bosnian Beast / The Bosnian Bear
5%
Houston Rockets Eric Gordon The Hobbit / E-Money / EG / EJ / Splash Gordon / 3G / Air Gordon
5%
Brooklyn Nets Nicolas Claxton The Slim Reaper
5%
Boston Celtics Robert Williams Time Lord / Boo Butt
5%
Charlotte Hornets Guillermo Hernangómez Willy
5%
Toronto Raptors Serge Ibaka Air Congo / Mafuzzy Chef
3%
Washington Wizards Shabazz Napier Bazz
3%
Orlando Magic B.J. Johnson Bean
3%
San Antonio Spurs Marco Belinelli Beli / The Professional
3%
Portland Trail Blazers Caleb Swanigan Biggie
3%
Minnesota Timberwolves Naz Reid Big Jelly
3%
Cleveland Cavaliers Andre Drummond Big Penguin
3%
Charlotte Hornets Bismack Biyombo Biz
3%
Utah Jazz Bojan Bogdanović Bogey
3%
Sacramento Kings Buddy Hield Buddy Love / Buddy Fresh / Buddy Buckets
3%
Detroit Pistons Sekou Doumbouya Captain Cook
3%
Brooklyn Nets Chris Chiozza Cheese
3%
Golden State Warriors Dragan Bender Croatian Sensation
3%
Cleveland Cavaliers Tristan Thompson Double T
3%
Indiana Pacers T.J. McConnell Floor General / McClutchell / Rocco
3%
New York Knicks Frank Ntilikina Frankie Smokes / The Frenchise / The French Prince
3%
Los Angeles Lakers Kostas Antetokounmpo Greek Freak 2.0
3%
Oklahoma City Thunder Mike Muscala Jawz / Moose / Musky
3%
Cleveland Cavaliers Cedi Osman Jedi
3%
New Orleans Pelicans Jrue Holiday JHolla / The Jruth / Kung fu Jrue
3%
Minnesota Timberwolves Jordan McLaughlin J-Mac
3%
Miami Heat Kendrick Nunn K-Nunn / K9
3%
Toronto Raptors Marc Gasol La Tanqueta / Big Marc / Big Spain / Big Burrito
3%
Washington Wizards Dāvis Bertāns Latvian Laser
3%
Philadelphia 76ers Matisse Thybulle Mathief / The Disruptor / Spiderman
3%
Milwaukee Bucks Eric Bledsoe Mini-LeBron
3%
New York Knicks Maurice Harkless Moe
3%
Washington Wizards Moritz Wagner Moe
3%
Los Angeles Clippers Marcus Morris Mook
3%
Los Angeles Clippers Patrick Beverley Mr. 94 Feet
3%
Sacramento Kings Nemanja Bjelica Professor Big Shots / Belly
3%
Atlanta Hawks Kevin Huerter Red Mamba / Red Velvet
3%
San Antonio Spurs Lonnie Walker IV Skywalker
3%
Los Angeles Lakers Avery Bradley Spiderman / Poison
3%
Milwaukee Bucks Donte DiVincenzo The Big Ragu
3%
Chicago Bulls Lauri Markkanen The Finnisher
3%
Boston Celtics Grant Williams The General
3%
San Antonio Spurs Rudy Gay The Great Rudini / Big Truck / Truck
3%
Phoenix Suns Dario Šarić The Homie / Super Dario / Ši Ši
3%
Dallas Mavericks Willie Cauley-Stein Trill
3%
Milwaukee Bucks Ersan İlyasova Turkish Thunder
3%
Cleveland Cavaliers Collin Sexton Young Bull
3%
New Orleans Pelicans Zion Williamson Zanos
3%
Los Angeles Clippers Ivica Zubac Zu-Block / Zublocka / Big Z / Zu / Zupac / Zu Alcindor
3%
Oklahoma City Thunder Terrance Ferguson 2K / T-Ferg
0%
Indiana Pacers Naz Mitrou-Long 3sus / 3sus of Nazareth
0%
Portland Trail Blazers Hassan Whiteside Agent Block / Count Blockula
0%
Miami Heat Derrick Jones Jr. Airplane Mode Jones
0%
San Antonio Spurs Dejounte Murray Baby Boy
0%
Brooklyn Nets Caris LeVert Baby Durant
0%
Minnesota Timberwolves Kelan Martin Baby Shaq
0%
Phoenix Suns Jalen Lecque Baby Westbrook
0%
Miami Heat Bam Adebayo Bam Bam
0%
Phoenix Suns Aron Baynes Bangers
0%
Utah Jazz Royce O'Neal Big Meal
0%
Golden State Warriors Klay Thompson Big Smokey / Killa Klay / The Electrician
0%
Minnesota Timberwolves Jaylen Nowell Big Tymah
0%
New York Knicks Mitchell Robinson Block Ness Monster / Lobinson
0%
Minnesota Timberwolves James Johnson Bloodsport
0%
New Orleans Pelicans J.J. Redick Bubs
0%
Boston Celtics Carson Edwards C-Boogie / Eddie House
0%
Memphis Grizzlies Justise Winslow Chief Justise / Justise Better
0%
Boston Celtics Marcus Smart Cobra
0%
Detroit Pistons Luke Kennard Cool Hand Luke / Duck
0%
Brooklyn Nets DeAndre Jordan DeAndre 3000
0%
Dallas Mavericks Dorian Finney-Smith Doe-Doe
0%
Los Angeles Lakers Dion Waiters Downhill Dion / Kobe Wade / Google Me / Headache
0%
Sacramento Kings Richaun Holmes Dunkman
0%
Dallas Mavericks Delon Wright D-Wright
0%
Utah Jazz Emmanuel Mudiay E-Man / Mudy
0%
Orlando Magic James Ennis Ennis the Menace
0%
New Orleans Pelicans Derrick Favors Fave
0%
New Orleans Pelicans Frank Jackson Frankie Flash
0%
Philadelphia 76ers Furkan Korkmaz Furky
0%
Philadelphia 76ers Norvel Pelle Gazelle
0%
Memphis Grizzlies Grayson Allen G-money / Deebo
0%
Philadelphia 76ers Al Horford Godfather
0%
Boston Celtics Tremont Waters H2O Kid
0%
Oklahoma City Thunder Hamidou Diallo Hami
0%
New York Knicks Taj Gibson Hard Hat / Lunch Pail
0%
Orlando Magic Terrence Ross Human Torch
0%
Oklahoma City Thunder Danilo Gallinari Il Galo / The Rooster
0%
Brooklyn Nets Joe Harris Joey Hoops / Beef Jerky Joe
0%
New Orleans Pelicans Josh Hart Josh Barkley
0%
Houston Rockets DeMarre Carroll Junkyard Dog / JYD 2.0
0%
New Orleans Pelicans Kenrich Williams Kenny Hustle
0%
Atlanta Hawks Cam Reddish Killer Cam
0%
Los Angeles Clippers Landry Shamet Lambo / One a Day
0%
Charlotte Hornets Malik Monk Lik / God of Dunk
0%
Denver Nuggets Monte Morris Man-Man / Big Game / Tay
0%
New Orleans Pelicans Nicolò Melli Melli Mel
0%
Miami Heat Meyers Leonard Meyers Legend
0%
Phoenix Suns Ty Jerome Milk
0%
Utah Jazz Mike Conley Money Mike
0%
Phoenix Suns Mikal Bridges Noodles / Inspector Go Go Gadget / String Bean / Brittle / Praying Mantis
0%
Washington Wizards John Wall Optimus Dime
0%
Detroit Pistons Jordan McRae Orange Mamba
0%
San Antonio Spurs Patty Mills Patty Cakes / Pat Stacks
0%
Brooklyn Nets Jeremiah Martin Peso
0%
Portland Trail Blazers Nassir Little Philosopher Nas
0%
Los Angeles Lakers JaVale McGee Pierre / The Big Secret / Big Daddy Wookie / The Great Adventure
0%
Golden State Warriors Marquese Chriss Quese
0%
Philadelphia 76ers Raul Neto Raulzinho / Wolfie
0%
Indiana Pacers Myles Turner Samurai Myles
0%
Chicago Bulls Tomáš Satoranský Saty
0%
Memphis Grizzlies Gorgui Dieng Senegalese Sniper / Trebuchet
0%
Toronto Raptors Stanley Johnson Showtime / Stanimal
0%
New Orleans Pelicans Jaxson Hayes Sideshow Jax
0%
Indiana Pacers Edmond Sumner Skinny
0%
Memphis Grizzlies Kyle Anderson Slo Mo
0%
Utah Jazz Joe Ingles Slow Mo Joe / Jinglin' Joe
0%
Golden State Warriors Alen Smailagić Smiley
0%
Miami Heat Solomon Hill Solo
0%
Brooklyn Nets Theo Pinson Spark Plug
0%
Indiana Pacers JaKarr Sampson SpongeBob Sampson
0%
Los Angeles Clippers Terrance Mann Stat Stuffer
0%
Houston Rockets Austin Rivers Sub-Zero
0%
Minnesota Timberwolves Jake Layman Sunshine
0%
Philadelphia 76ers Marial Shayok Super Marial
0%
Toronto Raptors Chris Boucher Swatterboy
0%
Portland Trail Blazers Trevor Ariza Switchblade
0%
Detroit Pistons Khyri Thomas Tazz
0%
Denver Nuggets Paul Millsap The Anchorman
0%
Charlotte Hornets Cody Zeller The Big Handsome
0%
Utah Jazz Georges Niang The Closer / Minivan
0%
Oklahoma City Thunder Nerlens Noel The Eraser / The Nerlen Wall
0%
Indiana Pacers Justin Holiday The Fireman
0%
Golden State Warriors Ky Bowman The First 48
0%
New York Knicks Wayne Ellington The Man with the Golden Arm
0%
Golden State Warriors Jordan Poole The Microwave
0%
Washington Wizards Gary Payton II The Mitten
0%
Minnesota Timberwolves Malik Beasley The Mutant
0%
Denver Nuggets Will Barton The People's Champ
0%
Milwaukee Bucks Frank Mason III The Phenom
0%
Los Angeles Clippers Rodney McGruder The Scavenger
0%
Philadelphia 76ers Mike Scott The Threegional Manager
0%
Milwaukee Bucks Kyle Korver Threezus / Machine Gun
0%
San Antonio Spurs Trey Lyles TreyMamba
0%
Indiana Pacers Brian Bowen Tugs
0%
Detroit Pistons Sviatoslav Mykhailiuk Ukraine Maker
0%
Milwaukee Bucks Pat Connaughton Vanilla Thunder
0%
Chicago Bulls Zach LaVine Young Hollywood
0%
Houston Rockets Ben McLemore Young Sav
0%
Portland Trail Blazers Zach Collins Z-Bo
0%
No matching quizzes found
Score Distribution
Percent of People with Each Score
Percentile by Number Answered
Your Score History
You have not taken this quiz